[Event "EtVas Vantaa GM"]
[Site "Myyrmanni"]
[Date "1999.07.22"]
[Round "3"]
[White "Yemelin, Vasily"]
[Black "Tella, Jussi"]
[Result "1/2-1/2"]
[WhiteElo "2500"]
[BlackElo "2434"]
[Annotator "Tsesarsky,I"]
[PlyCount "133"]
[EventDate "1999.07.20"]
[EventType "tourn"]
[EventRounds "9"]
[EventCountry "FIN"]
[EventCategory "8"]
[SourceTitle "CBM 072"]
[Source "ChessBase"]
[SourceDate "1999.10.01"]
[SourceVersion "1"]
[SourceVersionDate "1999.10.01"]
[SourceQuality "1"]

1. e4 c5 2. Nf3 d6 3. d4 cxd4 4. Nxd4 Nf6 5. Nc3 Nc6 6. Bg5 e6 7. Qd2 Be7 8.
O-O-O O-O 9. Nb3 a6 10. h4 (10. Be2 b5 (10... Qb6 11. f4 Rd8 12. f5 Qc7 (12...
Ne5 13. Rhf1 Bd7 14. fxe6 fxe6 15. Bxf6 gxf6 (15... Bxf6 16. Qxd6 Qxd6 17. Rxd6
b5 (17... Be7 18. Rb6 Bc6 19. Na5 $16) 18. Rb6 (18. Nc5 Be7 19. Rxd7 Nxd7 (
19... Bxc5 20. Rxd8+ Rxd8 21. a4 $14) 20. Nxe6 Rdb8 21. Nd5 Bd6 22. g3 Rb7 23.
Bg4 Ne5 24. Bf5 g6 25. Bh3 $132) 18... Be7 (18... Nc4 19. Bxc4 bxc4 20. Nc5 Bc8
(20... Bd4 21. Nxd7 Rxd7 22. Rxe6 Bxc3 23. bxc3 $16) 21. Nxe6 $16) 19. Kb1 b4
20. Nd1 a5 21. Ra6 Rxa6 22. Bxa6 a4 23. Nd4 Rf8 24. Rxf8+ Kxf8 25. c3 $14) 16.
Nd4 $14) (12... exf5 13. Bxf6 Bxf6 14. Nd5 Qf2 15. Nxf6+ gxf6 16. Rhf1 $16) 13.
g4 b5 14. Bxf6 Bxf6 15. g5 Be5 16. g6 hxg6 17. fxg6 b4 $15 {0-1 Mahia-Franco,Z/
Buenos Aires 1980 (36)}) 11. Bxf6 gxf6 12. Bd3 (12. Qh6 Kh8 13. f4 (13. Rd3 Rg8
$132) 13... b4 14. Rd3 Rg8 15. Rh3 Rg7 16. Nd1 a5 17. Kb1 (17. Rg3 Bf8 18. Rxg7
Bxg7 19. Qh5 a4 20. Nd2 b3 $15) 17... a4 18. Nc1 Nd4 19. Bd3 Ba6 20. Bxa6 Rxa6
$132 {0-1 Hindle-Muir/British ch Edinburgh 1985 (32)}) 12... Kh8 13. f4 Rg8 14.
Qf2 Bb7 15. Rhe1 Qc7 16. Re3 Nb4 17. Bf1 Rac8 18. a3 Nc6 19. Nd5 exd5 20. exd5
Nd8 (20... Ne5 21. fxe5 fxe5 22. Rf3 Rcf8 23. Kb1 Bc8 24. Rxf7 Rxf7 25. Qxf7
Rf8 26. Qh5 Bf5 27. Bd3 $14 {0-1 Pinson-Bonham/cr F-ENG 0 (37)}) 21. Bd3 Bxd5
22. Qh4 Rg7 23. Nd4 Ne6 24. Nf5 Rxg2 25. Rd2 Nc5 26. Rxg2 Bxg2 27. c3 Nxd3+ 28.
Rxd3 Be4 $19) (10. Bd3 b5 11. Rhg1 Bb7 12. f4 Rc8 13. Kb1 b4 14. Na4 a5 15. g4
Nd7 16. Bxe7 Qxe7 17. g5 Rfe8 18. h4 Nc5 19. Naxc5 dxc5 20. Qf2 c4 21. Bxc4 a4
22. Nc5 $16 {1-0 Mencinger,V-Ostojic,P/Ljubljana 1981 (49)}) (10. Kb1 Qb6 (
10... Ne8 11. Bxe7 Qxe7 12. Bd3 b5 13. Rhe1 Bb7 14. f4 f6 15. Qf2 Nc7 16. Qh4
$14 {1-0 Lobron,E-Zueger,B/Munich zt 1987 (56)}) (10... b5 11. Bxf6 Bxf6 12.
Qxd6 Qb6 13. Be2 Rb8 14. Qc5 Qc7 15. f4 Bd7 16. e5 Be7 17. Qe3 $16 {1/2-1/2
Josenhans,D-Davies,N/New York op 1991 (22)}) 11. Bd3 Qc7 12. f4 b5 13. Rde1 b4
14. Nd1 a5 15. e5 Nd5 16. Bxe7 Ncxe7 17. Nd4 dxe5 18. fxe5 Ba6 $132 {0-1
Lobron,E-Popovic,P/Zagreb 1985 (28)}) (10. Bxf6 {-Theory main line}) (10. f4) (
10. f3) 10... b5 (10... Qb6 11. Kb1 h6 12. Be3 Qc7 13. Nd4 Nxd4 14. Bxd4 e5 15.
Be3 b5 16. Nd5 Nxd5 17. exd5 Bf5 18. Bd3 $132 {1-0 COMP WChess-COMP Gnuchess/
London Uniform Platf 1994 (52)}) (10... Qc7 11. Bxf6 gxf6 12. Rh3 Kh8 13. Rg3
Bd7 14. Nc5 Rg8 15. Ne2 Ne5 16. Nxd7 Qxd7 17. Kb1 b5 18. Rxg8+ Rxg8 19. f3 $14
{1/2-1/2 Comp WCHESS-Singer,B/USA Chicago ,EXT 1994 (42)}) 11. Bxf6 (11. f3 b4
12. Na4 Rb8 13. Bf4 Ne5 14. Bxe5 dxe5 15. Qxd8 Rxd8 16. Rxd8+ Bxd8 17. Nbc5 Ra8
18. Bc4 Bc7 19. Rd1 Kf8 20. Rd3 Ke7 21. a3 a5 $132 {0-1 Tseitlin,M-Greenfeld,A/
Beer Sheva 1991 (53)}) 11... Bxf6 12. Qxd6 Qb6 13. f4 Bb7 $5 (13... Bxc3 14.
bxc3 Rd8 15. Qc5 Rxd1+ 16. Kxd1 Qxc5 17. Nxc5 e5 18. f5 Kf8 19. Rh3 Ke7 20. Rd3
Ra7 21. g4 $14) 14. Qc5 Qc7 15. e5 Be7 16. Qe3 Nb4 (16... f6 17. exf6 Rxf6 18.
g3 Na5 19. Rh2 Nxb3+ 20. axb3 Bc5 21. Qd3 $16) 17. a3 Nd5 18. Nxd5 Bxd5 19. Kb1
Rfc8 (19... b4 $1 20. axb4 Bxb4 21. Rh2 (21. Nd4 Rfc8 $44) 21... Rfb8 22. g3
Bxb3 23. cxb3 Rd8 24. Rxd8+ Rxd8 25. Bd3 $44) 20. Bd3 a5 (20... b4 21. axb4
Bxb4 22. f5 Rab8 23. f6 Bf8 $44) 21. f5 exf5 $2 $16 (21... a4 $1 22. Nd4 b4 23.
f6 bxa3 24. fxe7 axb2 25. Nb5 (25. e8=Q+ Rxe8 26. Nb5 Qa5 27. c4 a3 28. Qe1 (
28. cxd5 a2+ (28... exd5 29. Qd4 $16) 29. Kxb2 a1=Q+ 30. Rxa1 Qb4+ 31. Kc2
Rec8+ $19) 28... Bc6 (28... Bxg2 29. Rg1 Qxe1 (29... Bc6) 30. Rdxe1 Red8 31.
Bxh7+ Kxh7 32. Rxg2 Ra4 33. Reg1 g6 34. Rf2 Kg7 35. Rgf1 Rd7 36. Nd6 $16) (
28... Qa4 {[%cal Ga4b3]} 29. Qc3 Bxg2 (29... Reb8 30. cxd5 Rxb5 31. Bxb5 Qxb5
32. Ka2 exd5 33. Rd4 $16) 30. Rhg1 Bh3 31. Ka2 $132) 29. Qxa5 Rxa5 30. Rd2 Rb8
31. Ka2 f6 $132) 25... Qxe7 26. Kxb2 Qb4+ 27. Ka1 Rab8 28. Rb1 Bb3 29. c3 Rxc3
30. Bxh7+ Kxh7 31. Qxc3 Qxb5 $15) 22. Bxf5 Be6 (22... Rd8 23. Bxh7+ $1 $18 Kxh7
24. Rxd5 {[%csl Rd5,Rh7][%cal Ge3e4]}) 23. Bd3 (23. Qe4 $2 Bxf5 24. Qxf5 g6 25.
Qe4 a4 $44) (23. Bxe6 $2 Qxc2+ 24. Ka1 fxe6 25. Rd7 Rc7 $11) 23... Bc4 (23...
b4 24. a4 $16) 24. Be4 (24. Bxc4 $1 Qxc4 (24... bxc4 25. Nd4 c3 26. e6 Qb6 (
26... Bxa3 27. exf7+ Qxf7 (27... Kh8 28. Rhf1 (28. bxa3 Qb6+ $19) 28... Qb7 29.
b3 a4 30. Qf3 Qxf3 (30... Rab8 31. Qxb7 Rxb7 32. Ne6 Rbb8 33. Ka2 Bf8 34. Rb1
axb3+ 35. Rxb3 $18) 31. Rxf3 axb3 32. cxb3 $18) 28. bxa3 Rab8+ 29. Ka1 Rb2 30.
Qe6 $18) 27. exf7+ Kxf7 28. b3 Bxa3 29. Qe5 Kg8 30. Nf5 Qb7 31. Qe6+ Qf7 (31...
Kh8 32. Rd7 Rc7 (32... Qxg2 33. Rxg7 Qxh1+ 34. Ka2 $18 {[%csl Rh8][%cal Gg7g8]}
) 33. Rhd1 $16) 32. Nxg7 $1 (32. Qxf7+ Kxf7 33. Rhf1 (33. Rd7+ Ke6 $17) 33...
Rd8 34. Ne3+ Kg8 (34... Ke6 35. Rde1 $16) 35. Nd5 Bb4 36. Rd3 $14) 32... Qxe6 (
32... Kxg7 33. Rd7 $18) 33. Nxe6 a4 34. Nd4 Bc5 35. bxa4 Rxa4 36. Nb3 $16) 25.
Nd4 $1 (25. Qd3 b4 26. Qxc4 Rxc4 27. Rd7 Kf8 28. a4 (28. axb4 axb4 (28... Rxb4
29. Nd4 Ke8 30. Rd5 a4 31. Ka2 (31. c3 Rb6 32. Ka2 Rab8 33. Rb1 Rg6 $44) 31...
Rab8 32. Rb1 Bxh4 33. Nc6 R4b5 34. c4 Rxd5 35. cxd5 Rb3 36. Rh1 g5 37. Rd1 (37.
Rh3 Rxh3 38. gxh3 h5 $17) 37... h5 38. Rd4 (38. e6 fxe6 39. d6 Rb7 40. Ne5 Rd7
41. Nxd7 Kxd7 42. Ka3 Bg3 43. Kxa4 Bxd6 $16) 38... Rg3 39. Rxa4 g4 40. Ra8+ Kd7
41. Ra7+ Ke8 42. e6 fxe6 43. dxe6 Kf8 44. Nd4 $1 Rxg2 45. Nf5 Bd8 46. Rd7 Bh4
47. Rf7+ Kg8 48. Nxh4 $18) 29. Nd4 (29. g3 Re4 30. Rd5 Rg4 31. Rd3 (31. Rh3 Re4
32. Rh1 Rg4 $11) 31... Re4 32. Rd5 Rg4 $11) 29... Rc5 30. e6 Ke8 31. Rb7 Rca5
32. exf7+ Kxf7 33. Rxe7+ Kxe7 34. Nc6+ $16) 28... Rxh4 29. Rxh4 Bxh4 30. Rd5
Bd8 31. Nc5 Bc7 32. Ka2 Rd8 33. Rxd8+ Bxd8 34. Kb3 Ke7 (34... Bc7 35. Kc4 Ke7
36. Kd5) 35. Kc4 Bc7 36. Kd5 (36. Kb5 h5 37. b3 h4 38. Na6 Bxe5 39. Kxa5 g5 40.
Nxb4 g4 41. Nd5+ Kd6 42. Ne3 h3 43. gxh3 gxh3 44. Ng4 h2 45. Nf2 Kc5 46. b4+
Kc4 47. b5 f5 48. Ka6 Kc5 49. b6 Kc6 50. a5 f4 51. b7 Bb8 52. Nh1 f3 53. c3 Kc7
54. c4 Kc6 55. Nf2 (55. c5 Kxc5 56. Nf2 Kc6 57. Nh1 Bd6 58. Ka7 Kb5 59. b8=Q+ (
59. a6 Bf4 60. Nf2 Bc7 61. Nh1 Ka5 62. Nf2 Bb6+ 63. Ka8 Bxf2 64. b8=Q h1=Q 65.
Qe5+ Kxa6 66. Qe6+ Kb5 67. Qb3+ Kc6 68. Qe6+ Kc5 69. Qf5+ Kd4 70. Qf4+ Kd3 71.
Qf5+ Ke2 72. Qb5+ Ke3 73. Qb6+ Kf4 74. Qf6+ Kg4 75. Qg6+ Kh3 76. Qe6+ Kg2 $19)
59... Bxb8+ 60. Kxb8 Kxa5 61. Kc7 Kb4 62. Kd6 Kc3 63. Ke5 Kd3 64. Kf4 Ke2 65.
Kg3 $11) 55... Kc5 56. Nh1 Bc7 57. Ka7 Kxc4 58. b8=Q Bxb8+ 59. Kxb8 Kb5 60. Kc7
Kxa5 61. Kd6 Kb5 62. Ke5 Kc4 63. Kf4 $11) 36... h5 37. Kc6 Bxe5 38. Nd3 Bg3 39.
Kb6 g5 40. Kxa5 g4 41. Kxb4 h4 42. a5 h3 43. a6 hxg2 44. a7 g1=Q 45. a8=Q Qd4+
46. Kb5 f5 $17) 25... Bc5 26. Qe4 a4 (26... b4 27. b3 Qa6 28. a4 $16) 27. c3
$16) 24... Rab8 25. Nd4 (25. Bf5 Be6) 25... Bc5 (25... b4 26. a4 b3 27. cxb3 (
27. c3 $16) 27... Qb6 28. Bc2 $16) 26. Qf4 b4 27. a4 b3 28. c3 Rb6 (28... Re8
29. Nf3 $16 (29. Rhe1 $16)) 29. h5 (29. Nf5 $16) 29... Re8 30. Nf3 Be6 (30...
Be2 31. Rd5 $16) 31. Bd5 (31. h6 g6 32. Rd2 $16) (31. g4 $16) 31... Qe7 (31...
h6 32. g4 $16) 32. Qe4 (32. Ng5 Rf8 (32... h6 33. Nxe6 fxe6 34. Be4 Rf8 35. Qg3
Qg5 36. Qxg5 hxg5 37. h6 gxh6 38. Rxh6 $16) 33. h6 g6 34. Ne4 Bf5 35. g4 Bxe4+
36. Qxe4 $16) 32... h6 (32... Bxd5 33. Rxd5 h6 34. Qf5 $16) 33. Bxe6 (33. Rd3
$16) 33... Qxe6 34. Rd5 (34. g4 Be7 (34... f6 35. Rd5 $16) 35. Qf5 $16) 34...
Rc8 35. Rhd1 Rbb8 (35... Rbc6 36. g4 $16) 36. Rd7 (36. g4 $16) 36... Bf8 (36...
Be7 37. g4 Rd8 38. Rxd8+ Rxd8 39. Rxd8+ Bxd8 40. Qa8 Qd7 41. Nd4 Kf8 42. e6 $18
) 37. R1d4 (37. g4 Rc4 38. Qf5 Rxg4 39. Rxf7 Qxf5+ 40. Rxf5 Rxa4 41. e6 Re4 42.
Nd4 a4 43. Ra5 Rd8 44. Rg1 Kh7 45. Rxa4 Rd5 46. Rf1 Rxh5 47. Ra6 Rf4 48. Re1
Re5 49. Rd1 Rf2 50. Nxb3 Ree2 51. Ra2 Rxe6 52. Rd2 $11) 37... Qa6 (37... Rc4
38. Rxc4 Qxd7 39. Rd4 $16) 38. Qd3 (38. Qf5 Qf1+ 39. Rd1 Qc4 40. R1d3 Qxa4 (
40... Re8 41. Nd2 (41. R3d4 Qf1+ 42. Rd1 Qc4) 41... Qe6 (41... Qxa4 42. Qxf7+
Kh8 43. R3d6 Re7 44. Rxe7 Bxe7 45. Qxe7 $18) 42. Qxe6 Rxe6 43. R3d5 $18 {
[%csl Ra5,Rb3]}) 41. Qxf7+ Kh8 42. Nd2 Qa2+ 43. Kc1 a4 44. R3d6 $18 {[%csl Rh8]
[%cal Gd6h6]} Rxc3+ 45. Kd1 Rc1+ 46. Ke2 $18) 38... Qe6 39. Qe4 Qa6 40. Qd5 $2
$16 (40. Qf5 $18) 40... Qe2 41. Qxf7+ $2 $11 {White have lost of all advantage.
} (41. Rd2 Qc4 (41... Qf1+ 42. Rd1 Qc4 (42... Qxg2 43. Qxf7+ Kh8 44. R7d2 Rd8
45. Qxf8+ Rxf8 46. Rxg2 Rxf3 47. Kc1 Rf5 48. Rd5 Rxh5 49. Rxa5 $16) 43. Qxc4
Rxc4 44. R1d4 $16) 42. Qxc4 Rxc4 43. R2d4 $16) 41... Kh8 42. Rd2 (42. Qg6 $2
Rxc3 $1 43. Rd2 Rc1+ 44. Kxc1 Rc8+ 45. Kb1 Qc4 46. Rd1 Qxa4 $19) 42... Qe4+ 43.
Kc1 (43. R2d3 Qe2 44. Rd2 Qe4+ 45. R2d3 $11) 43... Qxa4 44. Kd1 $8 Rxc3 $8 45.
Ke2 Qe4+ (45... Qc4+ 46. Qxc4 Rxc4 47. Kd3 $14) 46. Kf2 Rc2 (46... Qe3+ 47. Kg3
Qxe5+ 48. Kh3 Qf6 49. Qxf6 gxf6 50. bxc3 b2 51. Rd1 b1=Q 52. Rxb1 Rxb1 $11) 47.
Kg3 Rxd2 48. Rxd2 a4 49. Rd4 Qe2 (49... Qc2 50. Rd2 Qe4 51. Rd4 $11) 50. Qc7
Re8 51. Rd8 (51. Qf7 Rb8 $11) 51... Rxd8 52. Qxd8 Kg8 53. Qd5+ Kh7 54. Qf7 Bc5
55. Qf5+ Kg8 56. Qe6+ Kh7 57. Qg6+ Kg8 58. Qe8+ Kh7 59. Qg6+ Kg8 60. Qe6+ Kh7
61. Qf5+ Kg8 62. Qc8+ Bf8 63. Qe6+ Kh7 64. Qf5+ Kg8 65. Qe6+ Kh7 66. Qe8 Bc5
67. Qg6+ 1/2-1/2

[Event "Belgrade olympia hopes"]
[Site "Belgrade"]
[Date "2002.06.28"]
[Round "3"]
[White "Perunovic, Milos"]
[Black "Damljanovic, Branko"]
[Result "1-0"]
[WhiteElo "2478"]
[BlackElo "2548"]
[Annotator "Tyomkin,D"]
[PlyCount "57"]
[EventDate "2002.06.26"]
[EventType "schev"]
[EventRounds "5"]
[EventCountry "YUG"]
[SourceTitle "CBM 091"]
[Source "ChessBase"]
[SourceDate "2002.11.12"]
[SourceVersion "1"]
[SourceVersionDate "2002.11.12"]
[SourceQuality "1"]

1. e4 c5 2. Nf3 Nc6 3. d4 cxd4 4. Nxd4 Nf6 5. Nc3 d6 6. Bg5 e6 7. Qd2 Be7 8.
O-O-O O-O 9. Nb3 a6 10. Bxf6 Bxf6 (10... gxf6 {There was number of GM games in
this line with gxf6 and black performed well;}) 11. Qxd6 Qb6 $6 $146 {11...
Bxc3 leads to good counterplay of black as it has been proved in games
mentioned below:} (11... Bxc3 {Gofshtein,L} 12. bxc3 Qf6 (12... Qb6 {Gofshtein,
L} 13. Qc5 Qxc5 14. Nxc5 b6 15. Na4 b5 16. Nc5 Rd8 17. Rxd8+ Nxd8 18. c4 b4 19.
c3 $16 {1-0 Svidler,P-Martinez,A/Oviedo rapid45 1992 (46)}) (12... Qh4 $5 {
Gofshtein,L} 13. g3 Qf6 (13... Qxe4 $6 {Gofshtein,L} 14. Bd3 Qf3 15. Bxh7+ Kxh7
16. Qxf8 e5 17. Qc5 $16 {Chandler,M-Eising,J/OHRA 1984/1-0 (48)}) 14. Qc5 e5
15. Bc4 $14 {[%cal Gd1d6] 1-0 Ivanovic,B-Popovic,P/Novi Sad 1984 (40)}) 13. Qg3
(13. Qc5 {Gofshtein,L} e5 14. Kb2 Be6 15. f3 Rfc8 16. Qb6 Qe7 17. Be2 Nb8 18.
Qd6 Qxd6 19. Rxd6 Nd7 20. Rhd1 Rc7 21. Na5 Rac8 22. Bc4 $1 Nf8 23. Bb3 $16 {
1-0 Sax,G-Vogel,R/BL9394 1994 (35)}) 13... b5 (13... e5 $5 {Gofshtein,L} 14.
Bc4 Be6 15. Bxe6 Qxe6 16. Rd5 Rac8 (16... a5 {Gofshtein,L} 17. a4 f5 18. Nc5
Qh6+ 19. Qe3 f4 20. Qd2 Rf7 21. f3 Qg5 22. Rd1 Qe7 23. Qd3 $14 {1-0 Zezulkin,
J-Berntsen,P/Eger op 1991 (37)}) 17. Rhd1 Rc7 $14 {1/2-1/2 Benjamin,
J-Christiansen,L/USA-ch 1984 (40)}) (13... b6 $5 {Gofshtein,L} 14. f4 e5 15. f5
Ra7 (15... Bb7 {Gofshtein,L} 16. Bc4 Ne7 17. Rhe1 Rfe8 18. Rd7 Bc6 19. Rd2 a5
$132 {Horne,D-Barendregt,J/Helsinki olm 1952/0-1 (58)}) 16. Qe3 Ne7 17. Be2 Rc7
18. Rd3 Bb7 19. Rhd1 Nc8 $13 {1/2-1/2 Nicevski,R-Sofrevski,J/Skopje/Ohrid 1968
(23)}) 14. f4 (14. Rd6 $5 {Gofshtein,L} Bb7 15. Be2 (15. f4 {Gofshtein,L} Rad8
16. e5 Qe7 17. Rxd8 Rxd8 18. Bd3 a5 $44 {0-1 Canfell,G-Goldenberg,I/AUS-ch op
1993 (25)}) 15... Rfc8 16. Rd7 Rab8 17. f4 b4 18. e5 Qh6 19. Nc5 $16 {[%csl
Rh6] 1-0 O'Kelly de Galway,A-Pomar Salamanca,A/Madrid zt 1960 (35)}) 14... Qe7
(14... e5 {Gofshtein,L} 15. f5 $14 {[%csl Rc8]}) 15. e5 Qa3+ 16. Kb1 a5 (16...
b4 $5 {Gofshtein,L} 17. c4 a5 18. Nc1 (18. Nd4 {Gofshtein,L} Qxg3 19. hxg3 Rd8
$19) (18. Nc5 {[%cal Gd1d3] Gofshtein,L} b3 $1 $36) 18... Rb8 19. Rd3 Qa4 20.
Nb3 Ne7 $44) 17. Nd4 $1 Ne7 (17... b4 $5 {Gofshtein,L} 18. Nb5 (18. cxb4 {
Gofshtein,L} Qxb4+ 19. Qb3 Rd8 20. c3 {[%cal Gf1b5]} Qxb3+ 21. axb3 Nxd4 22.
cxd4 Bb7 $44 {[%cal Gb7d5]}) 18... Qa4 19. c4 $16 {[%cal Gg3b3]}) 18. Nxb5 Rb8
19. c4 Qc5 20. Kb2 Nc6 21. a4 $16 {1-0 Ginzburg,M-Ricardi,P/Buenos Aires 1998/
CBM 65/[Gofshtein,L] (45) In my opinion black has not enought compensation for
two sacrificed pawns.}) 12. Qc5 $1 {White queen is very annoying on c5 and
black doesn't get enough active play for sacrificed pawn;} Qc7 (12... Qxc5 13.
Nxc5 b6 14. Nd3 Bxc3 15. bxc3 $14 {but white is better in this ending;}) 13.
Kb1 Be7 14. Qe3 b5 15. f4 {This is obvious now that black doesn't have enough
compensation for the pawn here;} b4 16. Na4 Rb8 17. e5 (17. Nac5 e5 $1 $44)
17... Rd8 18. Bd3 Na5 19. h4 (19. Nbc5 Rd5 20. Be4 Nc4 $1 $132) 19... Nxb3 20.
axb3 Bb7 21. h5 (21. Be4 Bc6 22. Bxc6 Qxc6 {black has some compensation thanks
to the knight a4 misplaced;}) 21... Bc6 (21... Bxg2 $2 22. Rhg1 Bd5 23. f5 $1 {
[%cal Ge3h6] and white's attack is impossible to stop;}) 22. f5 exf5 23. e6
Bxa4 $2 {By 23..f6 following by Qe5 black could survive for a while;} ({
Most resistant was:} 23... f6 $142 {[%cal Gc7e5]} 24. Bxf5 Qe5 25. Qa7 $1 (25.
Qxe5 fxe5 26. Rxd8+ Rxd8 {but black has clear compensation here thanks to the
active pieces;}) 25... Re8 (25... Rxd1+ 26. Rxd1 Re8 27. Qf2 {[%cal Gg2g4]})
26. Qf2 Rbd8 27. Rde1 $14) (23... f4 24. exf7+ Kf8 25. Qe2 h6 26. Bc4 $16) (
23... Bf6 24. exf7+ Qxf7 25. Qf4 {[%cal Gf4f5]} Bb5 $8 26. Qxf5 $16) 24. exf7+
Kf8 (24... Kxf7 25. Bc4+ $1 $18 {[%cal Ge3e6]}) 25. bxa4 b3 26. c3 {white
declined 26.Bxf5 for unknown reason;} (26. Bxf5 $142 $5 bxc2+ 27. Bxc2 {
[%cal Gc2b3]} Bf6 28. Bb3 $18 {an white is just two pawns up;}) 26... Qa5 27.
h6 g6 28. Rhe1 Rd7 29. Qf4 {Probably black lost on time here, because the
resignation here looks premature although white has large advantage here
anyhow;} (29. Qf4 Rbd8 30. Be2 Rxd1+ 31. Rxd1 $16 {[%csl Ra6,Rb3,Rf8]}) 1-0

[Event "EU-ch 3rd"]
[Site "Batumi"]
[Date "2002.06.18"]
[Round "7"]
[White "Socko, Bartosz"]
[Black "Kotronias, Vasilios"]
[Result "1-0"]
[WhiteElo "2564"]
[BlackElo "2580"]
[Annotator "Tyomkin,D"]
[PlyCount "99"]
[EventDate "2002.06.12"]
[EventType "swiss"]
[EventRounds "13"]
[EventCountry "GEO"]
[SourceTitle "CBM 090"]
[Source "ChessBase"]
[SourceDate "2002.09.20"]
[SourceVersion "1"]
[SourceVersionDate "2002.09.20"]
[SourceQuality "1"]

{This game is very typical for Rauzer variation of Sicilian with mutual
attacks on opposite wings and this was very complex to analyse because of
large quantity of tactical stuff, but my "close friend" "Fritz 7" was very
helpful as always ;-);} 1. e4 c5 2. Nf3 Nc6 3. d4 cxd4 4. Nxd4 Nf6 5. Nc3 d6 6.
Bg5 e6 7. Qd2 Be7 8. O-O-O O-O 9. f3 a6 10. h4 Nxd4 11. Qxd4 b5 12. Kb1 Qc7 13.
g4 (13. h5 {[%cal Gh5h6] (Gofshtein,L) threatening h5-h6} h6 14. Bh4 Bb7 ({
More active was} 14... b4 $5 {(Gofshtein,L) srarting counterplay immediately}
15. Qxb4 (15. Na4 {Gofshtein,L} Rb8 16. Bc4 Bb7 $132) 15... d5 16. Qd4 dxe4 17.
Nxe4 Rd8 18. Nxf6+ Bxf6 19. Qxd8+ Bxd8 20. Rxd8+ Kh7 21. Bd3+ f5 $132) 15. g4
b4 $5 16. Na4 $146 {Interesting novelty.} (16. Qxb4 {Gofshtein,L} d5 17. Qb3
dxe4 $36) ({After} 16. Ne2 {(Gofshtein,L) with another moves order would
created position from noted above game 1/2-1/2 Herrera,I-Garcia Ilundain,D/
Santa Clara 1998/CBM 66(25)}) 16... Rab8 {Preparing Bb7-c6 reply.} 17. b3 {
Prophilactic against eventual Bc6.} (17. g5 $2 {Gofshtein,L} hxg5 18. Bxg5 Qa5
$36) 17... Rfd8 {[%cal Gd6d5,Ge6e5] 1/2-1/2 Herrera,I-Kacheishvili,G/Linares
2001/CBM 81/[Gofshtein,L] (45) Black prepares counterplay in the center by
d6-d5 or/and by e6-e5 promotions.}) (13. Qd2 Rb8 14. Bd3 Rd8 15. g4 b4 16. Ne2
a5 17. Nd4 a4 18. Nb5 Qa5 19. a3 Rxb5 20. Bxb5 Qxb5 21. Qxb4 Qe8 (21... Qc6 22.
e5 Nd5 23. Rxd5 Bxg5 24. Rxd6 Rxd6 25. Qxd6 Qxf3 26. Rg1 Bxh4 27. g5 $1 $16 {
[%csl Rc8,Rh4][%cal Gd6d8]}) 22. Bxf6 gxf6 (22... Bxf6 $142 $5 23. Rxd6 Bd7 {
[%cal Gd8b8,Gf6e7]}) 23. g5 $40 {1-0 Zhang Pengxiang-Kotronias,V/Linares 2002/
CBM 87 ext (57)}) 13... Rd8 14. h5 b4 $146 (14... h6 {Gofshtein,L} 15. Bh4 b4
$1 16. Ne2 (16. Qxb4 $2 {Gofshtein,L} d5 17. Qa4 Rb8 $17 {[%cal Rc7c3,Rb8b4]})
16... e5 $142 $5 (16... Bb7 $6 {Gofshtein,L} 17. Nc1 Rac8 (17... e5 {Gofshtein,
L} 18. Qc4 $1) 18. Bd3 Qc5 (18... e5 {[%cal Gd6d5] Gofshtein,L} 19. Qg1 $1 d5
20. g5 $40) 19. Qxc5 dxc5 20. Bc4 Rd4 21. Rxd4 (21. b3 $2 {Gofshtein,L} Rxd1
22. Rxd1 Nxe4 $1) 21... cxd4 22. b3 Kf8 23. Ne2 e5 24. Ng3 Ne8 25. Nf5 {
1/2-1/2 Herrera,I-Garcia Ilundain,D/Santa Clara 1998/CBM 66(25)}) 17. Qe3 (17.
Qd2 {Gofshtein,L} d5 18. Bxf6 Bxf6 19. exd5 Bb7 20. d6 Qb6 $15) (17. Qg1 {
Gofshtein,L} d5 18. g5 hxg5 19. Qxg5 {-17.Qe3}) 17... Nh7 $1 $132 (17... d5 {
Gofshtein,L} 18. g5 hxg5 19. Qxg5 $16 dxe4 $140 20. Rxd8+ Qxd8 21. h6 $18)) 15.
Ne2 (15. Qxb4 $2 d5 $17 16. Qa4 Rb8 {[%cal Rc7c3]}) 15... Rb8 16. Qd2 (16. h6
e5 17. Qe3 g6 {and black is safe;}) 16... h6 17. Bh4 {White keeps the pressure
over h4-d8 diagonal;} (17. Be3 Nh7 18. f4 Nf6 ({or just} 18... Bb7) 19. g5 Nxe4
$36 {[%cal Ge4c3]}) 17... e5 {This move looks very logical, but 17...Nh7
probably solves black all opening problems;} ({Typical} 17... Nh7 {would stop
white's attack on the kingside;} 18. Bxe7 Qxe7 $11) 18. Ng3 (18. g5 $142 $5
hxg5 19. Qxg5 Nd5 20. Qc1 {and kingside of white is dangerously open;}) 18...
Be6 (18... d5 19. Bxf6 Bxf6 20. exd5 Bb7 21. d6 Rxd6 $1 22. Qxd6 Rd8 23. Qxd8+
$1 Bxd8 24. Ne4 $14) (18... Nh7 19. Bxe7 Qxe7 20. Bc4 $1 $14) 19. Bd3 d5 20. g5
$1 hxg5 21. Bxg5 a5 (21... dxe4 22. fxe4 $16 {[%cal Gh5h6]}) 22. Rdg1 b3 23.
axb3 a4 {There are mutual attacks on opposite wings in spirit of Rauzer
variation, but white is faster here;} 24. Nf5 (24. h6 $142 $1 g6 (24... axb3
25. hxg7 $18) 25. bxa4 $16 {Inclusion of h6 g6 moves makes big sense here as u
can see from the following variations;} Qb7 26. b3 dxe4 27. Bxf6 {[%cal Rh6h7]}
Bxf6 28. Nxe4 Be7 29. Qa5 $1 {[%cal Ra5e5]} Rd5 (29... Bxb3 30. Qxe5 $18) 30.
Qa6 $18 {[%cal Rg1g6]}) (24. bxa4 $6 Qb7 25. b3 dxe4 {[%cal Ge6b3]} 26. Bxf6
$140 {This move works for white while h6 g6 has included because of h6-h7
threat;} Rxd3 $19) 24... Bxf5 25. exf5 axb3 26. h6 Qa7 27. cxb3 $2 {White was
able to stop black's attack following way:} (27. c3 $1 Ra8 28. Kc1 $18 {
[%cal Gd3b1] and black doesn't have enough tactical resources over the
queenside to create some threats, while white has got some over the kingside
already;}) 27... Ra8 28. Bxf6 $1 (28. hxg7 Qa1+ 29. Kc2 Rdc8+ 30. Bc4 Rxc4+ 31.
bxc4 Qa4+ 32. b3 Qa2+ 33. Kd1 Qxb3+ {and black saves the game;}) 28... Qa1+ $1
{It begins the series of forced moves which actually could be ended as a draw
in rook ending- see note to move no.34;} (28... Bxf6 29. hxg7 Bh4 $3 30. Ba6 $1
(30. Rxh4 Qxg1+ $17 {[%cal Gf7f6,Yg8f7]}) 30... Rd6 (30... Qxa6 31. Rxh4 Qa1+
32. Kc2 {[%cal Gc2d3]}) 31. Bb7 $1 $16) 29. Kc2 Rdc8+ 30. Bc4 Rxc4+ 31. bxc4
Qa4+ 32. b3 Qa2+ 33. Kd1 Qxb3+ 34. Ke1 Ra1+ $4 {34...Bxf6 would forcedly lead
to the drawish rook ending, but both sides would have to find some cool blows:}
(34... Bxf6 35. hxg7 Ra1+ 36. Kf2 Bh4+ 37. Rxh4 (37. Kg2 $2 Ra2) 37... Qb6+ 38.
Qd4 $3 {[%cal Yh4h8]} Ra2+ $1 39. Kg3 Qxd4 (39... exd4 40. Kh3 $18) 40. Rxd4
exd4 41. Kf4 (41. cxd5 Kxg7 42. Rd1 Kf6 $11) 41... dxc4 42. f6 Ra6 $8 43. Ke5
Ra5+ $11) 35. Kf2 Rxg1 36. Rxg1 Qb6+ 37. Kf1 Bxf6 38. hxg7 $18 {Finally the
game has arrived to the technical stage where white achieves the win by exact
play;} Qb1+ 39. Kg2 Qxf5 40. Qh6 (40. Qxd5 $18) 40... Bxg7 41. Kh2 Qh7 42.
Qxh7+ Kxh7 43. cxd5 Bf8 44. Rg4 $1 {[%csl Rh7][%cal Gh2g1,Gg1f2,Gf2e3] keeping
black king cutted off over g-file;} Be7 45. Kg1 f5 46. Rg2 e4 47. fxe4 fxe4 48.
Kf2 Bc5+ 49. Ke2 e3 50. Kd3 1-0